[Event "13. Hogeschool Zeeland Tournament"]
[Site "Vlissingen NED"]
[Date "2009.08.04"]
[Round "5.31"]
[White "Tiggelman, Rene"]
[Black "Van Loon, Eric"]
[Result "1-0"]
[WhiteElo "2250"]
[BlackElo "2091"]
[PlyCount "73"]
[EventDate "2009.08.01"]
[EventType "swiss"]
[EventRounds "9"]
[EventCountry "NED"]
[Source "lmi"]
[SourceDate "2009.08.01"]

1. d4 d5 2. Nf3 Nf6 3. c4 c6 4. Qb3 dxc4 5. Qxc4 Bf5 6. g3 e6 7. Bg2 Be7 8. O-O
O-O 9. Nc3 Nbd7 10. Qb3 Qb6 11. Re1 Ne4 12. Nh4 Bxh4 13. gxh4 Nef6 14. e4 Bg6
15. Qxb6 axb6 16. Bf4 Rfe8 17. Rad1 e5 18. Bg3 Bh5 19. f3 exd4 20. Rxd4 Ne5 21.
Bxe5 Rxe5 22. Red1 Kf8 23. R1d2 b5 24. a3 Ree8 25. Kf2 Bg6 26. Bh3 Re7 27. Rd1
Ke8 28. Ne2 Kf8 29. Ng3 Ra4 30. Rxa4 bxa4 31. Rd8+ Re8 32. Rxe8+ Kxe8 33. Ke3
Kd8 34. Kd4 Bh5 35. e5 c5+ 36. Kxc5 b6+ 37. Kb5 1-0

[Event "13. Hogeschool Zeeland Tournament"]
[Site "Vlissingen NED"]
[Date "2009.08.04"]
[Round "5.32"]
[White "Bodicker, Rob"]
[Black "Leenaerts, Robin"]
[Result "1/2-1/2"]
[WhiteElo "2080"]
[BlackElo "2248"]
[PlyCount "45"]
[EventDate "2009.08.01"]
[EventType "swiss"]
[EventRounds "9"]
[EventCountry "NED"]
[Source "lmi"]
[SourceDate "2009.08.01"]

1. d4 Nf6 2. Nf3 e6 3. c4 Bb4+ 4. Bd2 a5 5. Nc3 d5 6. e3 b6 7. cxd5 exd5 8. Ne5
O-O 9. Bd3 Bb7 10. O-O Nbd7 11. f4 c5 12. Rc1 c4 13. Bb1 Bxc3 14. Bxc3 b5 15.
a3 Nb8 16. Be1 Ne4 17. Qh5 f6 18. Nf3 g6 19. Qh6 Qe7 20. f5 Qg7 21. Qxg7+ Kxg7
22. Bxe4 dxe4 23. Nd2 1/2-1/2

[Event "13. Hogeschool Zeeland Tournament"]
[Site "Vlissingen NED"]
[Date "2009.08.04"]
[Round "5.33"]
[White "Van Rij, Gert"]
[Black "Marcziter, Dmitrii"]
[Result "0-1"]
[WhiteElo "2065"]
[BlackElo "2238"]
[PlyCount "84"]
[EventDate "2009.08.01"]
[EventType "swiss"]
[EventRounds "9"]
[EventCountry "NED"]
[Source "lmi"]
[SourceDate "2009.08.01"]

1. c4 c5 2. Nf3 Nf6 3. Nc3 e6 4. e4 d6 5. d4 cxd4 6. Nxd4 a6 7. Be2 Be7 8. O-O
O-O 9. Be3 Qc7 10. Rc1 b6 11. f3 Bb7 12. Qe1 Nbd7 13. Qf2 Rac8 14. Rfd1 Rfe8
15. b3 Qb8 16. Kh1 Bd8 17. g4 h6 18. h4 d5 19. exd5 exd5 20. g5 hxg5 21. hxg5
Nh5 22. f4 dxc4+ 23. Kg1 Rxe3 24. Qxe3 Nxf4 25. Nf5 Ne5 26. Ne4 Bxe4 27. Qxe4
Nxe2+ 28. Qxe2 Bxg5 29. Rc3 b5 30. Nd6 Qb6+ 31. Kf1 Rd8 32. Qxe5 Bf6 33. Qf4
Bxc3 34. Qxf7+ Kh7 35. Qf5+ g6 36. Qh3+ Kg8 37. Qe6+ Kh7 38. Ke2 Qc7 39. Rh1+
Kg7 40. Nf5+ Kf8 41. Ne3 Rd2+ 42. Kf1 Qf4+ 0-1

[Event "13. Hogeschool Zeeland Tournament"]
[Site "Vlissingen NED"]
[Date "2009.08.04"]
[Round "5.34"]
[White "Sarrau, Jelle"]
[Black "Schaeken, Yordi"]
[Result "1/2-1/2"]
[WhiteElo "2229"]
[BlackElo "2078"]
[PlyCount "65"]
[EventDate "2009.08.01"]
[EventType "swiss"]
[EventRounds "9"]
[EventCountry "NED"]
[Source "lmi"]
[SourceDate "2009.08.01"]

1. e4 e5 2. Nf3 Nc6 3. Bc4 Nf6 4. d3 Be7 5. O-O O-O 6. Re1 d6 7. a4 h6 8. Nbd2
Re8 9. a5 a6 10. c3 Be6 11. Nf1 Bxc4 12. dxc4 Bf8 13. Qd3 Nb8 14. Ne3 g6 15.
Nd5 Nbd7 16. b4 c6 17. Ne3 b6 18. Nd2 bxa5 19. Rxa5 Nc5 20. Qc2 Nb7 21. Ra4 a5
22. Bb2 axb4 23. cxb4 Qb6 24. Rea1 Rxa4 25. Rxa4 Nd8 26. Bc3 Ne6 27. Qa2 Nf4
28. Kf1 Nd3 29. h3 d5 30. exd5 cxd5 31. Ra6 Qd8 32. cxd5 Bxb4 33. Qc4 1/2-1/2

[Event "13. Hogeschool Zeeland Tournament"]
[Site "Vlissingen NED"]
[Date "2009.08.04"]
[Round "5.35"]
[White "Beijerinck, Nick"]
[Black "Van Weersel, Arlette"]
[Result "0-1"]
[WhiteElo "2022"]
[BlackElo "2204"]
[PlyCount "50"]
[EventDate "2009.08.01"]
[EventType "swiss"]
[EventRounds "9"]
[EventCountry "NED"]
[Source "lmi"]
[SourceDate "2009.08.01"]

1. Nf3 Nf6 2. b3 b6 3. g3 Bb7 4. Bg2 e6 5. Bb2 Be7 6. O-O O-O 7. c4 a5 8. Nc3
Ne4 9. Nxe4 Bxe4 10. d3 Bc6 11. Qc2 f5 12. Rfd1 Bf6 13. Rac1 Na6 14. d4 Nb4 15.
Qd2 Nxa2 16. Ra1 Nb4 17. Ba3 Be7 18. d5 exd5 19. Ne5 dxc4 20. Bxc6 dxc6 21. Qc1
Qe8 22. Qxc4+ Kh8 23. Rd7 Bd6 24. Nf7+ Rxf7 25. Rxf7 b5 0-1

[Event "13. Hogeschool Zeeland Tournament"]
[Site "Vlissingen NED"]
[Date "2009.08.04"]
[Round "5.36"]
[White "Van Hoeve, Ab"]
[Black "Gernaert, Jordi"]
[Result "1/2-1/2"]
[WhiteElo "2198"]
[BlackElo "2030"]
[PlyCount "26"]
[EventDate "2009.08.01"]
[EventType "swiss"]
[EventRounds "9"]
[EventCountry "NED"]
[Source "lmi"]
[SourceDate "2009.08.01"]

1. c4 c5 2. Nc3 Nf6 3. g3 g6 4. Bg2 Bg7 5. d3 Nc6 6. e4 O-O 7. Nge2 d6 8. O-O
Rb8 9. Rb1 a6 10. a3 b5 11. cxb5 axb5 12. b4 cxb4 13. axb4 e5 1/2-1/2

[Event "13. Hogeschool Zeeland Tournament"]
[Site "Vlissingen NED"]
[Date "2009.08.04"]
[Round "5.37"]
[White "Van Den Berg, Ad"]
[Black "Boulahfa, Hicham"]
[Result "1-0"]
[WhiteElo "2197"]
[BlackElo "2022"]
[PlyCount "75"]
[EventDate "2009.08.01"]
[EventType "swiss"]
[EventRounds "9"]
[EventCountry "NED"]
[Source "lmi"]
[SourceDate "2009.08.01"]

1. c4 Nf6 2. Nc3 c5 3. Nf3 e6 4. d4 cxd4 5. Nxd4 a6 6. g3 Qc7 7. Qd3 Nc6 8.
Nxc6 bxc6 9. Bg2 d5 10. O-O Bb7 11. e4 dxe4 12. Nxe4 Nxe4 13. Qxe4 Be7 14. Bf4
Qa5 15. Be5 O-O 16. a3 Ra7 17. b4 Qd8 18. Rfd1 Qc8 19. c5 a5 20. Qg4 g6 21. h4
Ba6 22. h5 g5 23. Bd6 f5 24. Qf3 Bxd6 25. cxd6 c5 26. Qe3 Bb7 27. d7 Qd8 28.
Qxe6+ Rf7 29. Bxb7 Rxb7 30. bxc5 Rbxd7 31. Qb3 Kg7 32. c6 Rxd1+ 33. Rxd1 Qc7
34. Qe6 Kf8 35. Rd7 Rxd7 36. cxd7 Qb8 37. Qf6+ Kg8 38. d8=Q+ 1-0

[Event "13. Hogeschool Zeeland Tournament"]
[Site "Vlissingen NED"]
[Date "2009.08.04"]
[Round "5.38"]
[White "Vroombout, Enrico"]
[Black "Bielderman, Guy"]
[Result "1/2-1/2"]
[WhiteElo "2190"]
[BlackElo "2015"]
[PlyCount "27"]
[EventDate "2009.08.01"]
[EventType "swiss"]
[EventRounds "9"]
[EventCountry "NED"]
[Source "lmi"]
[SourceDate "2009.08.01"]

1. e4 c5 2. Nf3 g6 3. d4 cxd4 4. Nxd4 Nc6 5. Nc3 Bg7 6. Be3 Nf6 7. Bc4 O-O 8.
Bb3 a5 9. f3 d6 10. Qd2 Bd7 11. h4 a4 12. Bc4 Qa5 13. Nde2 Ne5 14. Bd3 1/2-1/2

[Event "13. Hogeschool Zeeland Tournament"]
[Site "Vlissingen NED"]
[Date "2009.08.04"]
[Round "5.39"]
[White "Campbell, Ian"]
[Black "Verduyn, Frederic"]
[Result "0-1"]
[WhiteElo "2011"]
[BlackElo "2183"]
[PlyCount "106"]
[EventDate "2009.08.01"]
[EventType "swiss"]
[EventRounds "9"]
[EventCountry "NED"]
[Source "lmi"]
[SourceDate "2009.08.01"]

1. Nf3 Nf6 2. b3 e6 3. e3 b6 4. Bb2 Bb7 5. Be2 c5 6. c4 d5 7. d3 Nbd7 8. Qc2
Bd6 9. a3 O-O 10. O-O Qe7 11. Nbd2 e5 12. cxd5 Nxd5 13. Ne4 Bc7 14. Nc3 N5f6
15. Rad1 Rac8 16. Ne1 Rfd8 17. Bf3 Bxf3 18. Nxf3 Nf8 19. Rd2 Ng6 20. Rfd1 h6
21. Ne2 Qe6 22. Qc4 Qe8 23. a4 Nd5 24. Nc3 Nb4 25. Nb5 Bb8 26. Bc3 Nc6 27. Na3
Qd7 28. Nc2 Kh8 29. Nh4 Nxh4 30. Qxh4 Qe6 31. Qc4 Qg6 32. Ne1 Qh5 33. Nf3 Nd4
34. Bxd4 cxd4 35. Qb4 Rc5 36. e4 Bd6 37. Qa3 Rc3 38. Qb2 Rdc8 39. h3 f6 40. Ne1
a5 41. f3 Qf7 42. Rb1 Qc7 43. Kf2 g6 44. Ke2 f5 45. Kd1 Qe7 46. Rc2 Bb4 47.
Rxc3 Bxc3 48. Qc1 f4 49. Ke2 Qh4 50. Nc2 Qg3 51. Kf1 Qh2 52. Kf2 Be1+ 53. Kxe1
Qg1+ 0-1

[Event "13. Hogeschool Zeeland Tournament"]
[Site "Vlissingen NED"]
[Date "2009.08.04"]
[Round "5.40"]
[White "Admiraal, Miguoel"]
[Black "Zilverberg, Jasper"]
[Result "1/2-1/2"]
[WhiteElo "2173"]
[BlackElo "2015"]
[PlyCount "84"]
[EventDate "2009.08.01"]
[EventType "swiss"]
[EventRounds "9"]
[EventCountry "NED"]
[Source "lmi"]
[SourceDate "2009.08.01"]

1. e4 c5 2. Nf3 e6 3. d4 cxd4 4. Nxd4 Nf6 5. Nc3 d6 6. Be2 Be7 7. f4 Nc6 8. Be3
O-O 9. O-O Bd7 10. Nb3 a6 11. a4 Nb4 12. Bf3 e5 13. Nd5 Nfxd5 14. exd5 Bf5 15.
Rc1 Na2 16. Rb1 Nb4 17. Na1 Rc8 18. c3 exf4 19. Bxf4 Qb6+ 20. Kh1 Nd3 21. Bg3
Nc5 22. Nc2 Nxa4 23. Bg4 Bxg4 24. Qxg4 Nc5 25. b4 Nd3 26. Rxf7 Rxf7 27. Qxc8+
Bf8 28. Nd4 Qc7 29. Qxc7 Rxc7 30. Rb3 Nc1 31. Ra3 Be7 32. h3 Kf7 33. Nf5 Ne2
34. Bxd6 Bxd6 35. Nxd6+ Ke7 36. Ne4 Rc4 37. Nc5 Nxc3 38. d6+ Kxd6 39. Nxb7+ Ke5
40. Nc5 Nd5 41. Ra5 Nxb4 42. Nxa6+ Kf6 1/2-1/2

[Event "13. Hogeschool Zeeland Tournament"]
[Site "Vlissingen NED"]
[Date "2009.08.04"]
[Round "5.41"]
[White "Van Der Linde, Maurits"]
[Black "Koelmans, Jan Willem"]
[Result "1/2-1/2"]
[WhiteElo "2171"]
[BlackElo "2008"]
[PlyCount "77"]
[EventDate "2009.08.01"]
[EventType "swiss"]
[EventRounds "9"]
[EventCountry "NED"]
[Source "lmi"]
[SourceDate "2009.08.01"]

1. e4 c5 2. Nf3 d6 3. d4 cxd4 4. Nxd4 Nf6 5. f3 a6 6. c4 e6 7. Nc3 Be7 8. Be3
O-O 9. Be2 b6 10. O-O Bb7 11. a4 Nbd7 12. a5 bxa5 13. Nb3 a4 14. Rxa4 Bc6 15.
Ra2 a5 16. Qa1 a4 17. Nd4 Qc8 18. Nxc6 Qxc6 19. Rxa4 Nc5 20. Rxa8 Rxa8 21. Qd1
Rb8 22. Nb5 d5 23. Nd4 Qc7 24. Nb5 Qc6 25. b4 Ncd7 26. Nd4 Qc8 27. cxd5 exd5
28. b5 Bc5 29. Kh1 Qb7 30. Qb3 dxe4 31. fxe4 Qxe4 32. Bf3 Qe5 33. Rd1 Re8 34.
Bg1 Bb6 35. Bc6 Rd8 36. Nf3 Qc7 37. Ng5 Ne5 38. Rxd8+ Qxd8 39. Bxb6 1/2-1/2

[Event "13. Hogeschool Zeeland Tournament"]
[Site "Vlissingen NED"]
[Date "2009.08.04"]
[Round "5.42"]
[White "Streit, Howard"]
[Black "Plachkinova, Tatjana G"]
[Result "0-1"]
[WhiteElo "1960"]
[BlackElo "2169"]
[PlyCount "62"]
[EventDate "2009.08.01"]
[EventType "swiss"]
[EventRounds "9"]
[EventCountry "NED"]
[Source "lmi"]
[SourceDate "2009.08.01"]

1. e4 c5 2. Nc3 Nc6 3. Bb5 e6 4. Bxc6 bxc6 5. f4 d5 6. d3 Ba6 7. Nf3 Nf6 8. e5
Nd7 9. O-O Be7 10. Ne2 O-O 11. b3 c4 12. dxc4 dxc4 13. Re1 Qb6+ 14. Kh1 Rfd8
15. Qd4 Bc5 16. Qe4 Bf2 17. Ng5 Nf8 18. Rf1 cxb3 19. axb3 h6 20. Nh3 Bc5 21. f5
Bxe2 22. Qxe2 Qb5 23. Qf3 Bd4 24. Ra4 Qd5 25. Qg4 Qxe5 26. Bxh6 exf5 27. Qh5 g6
28. Qh4 Qe2 29. Rxd4 Qxf1+ 30. Ng1 Rxd4 31. Qxd4 Ne6 0-1

[Event "13. Hogeschool Zeeland Tournament"]
[Site "Vlissingen NED"]
[Date "2009.08.04"]
[Round "5.43"]
[White "Smits, Sebastiaan"]
[Black "Veldhuysen, Klaas"]
[Result "1-0"]
[WhiteElo "2165"]
[BlackElo "2013"]
[PlyCount "61"]
[EventDate "2009.08.01"]
[EventType "swiss"]
[EventRounds "9"]
[EventCountry "NED"]
[Source "lmi"]
[SourceDate "2009.08.01"]

1. e4 c5 2. d3 Nc6 3. f4 e5 4. Nf3 d6 5. g3 Nf6 6. Bg2 Nd4 7. c3 Nxf3+ 8. Qxf3
Bd7 9. O-O Qb6 10. Na3 Qc7 11. Nc4 Bb5 12. a4 Bxc4 13. dxc4 h6 14. f5 Be7 15.
Be3 Qc6 16. a5 O-O 17. g4 Nh7 18. Qg3 f6 19. Qf2 Qa6 20. Qe2 Rfc8 21. Qd3 Qc6
22. h4 Rab8 23. Rfd1 a6 24. Bf1 Nf8 25. Be2 Kh7 26. g5 fxg5 27. hxg5 hxg5 28.
Kf2 g6 29. Rg1 gxf5 30. Bxg5 Ng6 31. Bxe7 1-0

[Event "13. Hogeschool Zeeland Tournament"]
[Site "Vlissingen NED"]
[Date "2009.08.04"]
[Round "5.44"]
[White "Meenu, Rajendran"]
[Black "Van Gool, Henk"]
[Result "1-0"]
[WhiteElo "2003"]
[BlackElo "2164"]
[PlyCount "145"]
[EventDate "2009.08.01"]
[EventType "swiss"]
[EventRounds "9"]
[EventCountry "NED"]
[Source "lmi"]
[SourceDate "2009.08.01"]

1. e4 c5 2. Nc3 Nc6 3. f4 e6 4. Nf3 a6 5. a4 d5 6. d3 dxe4 7. dxe4 Qxd1+ 8.
Kxd1 b6 9. Be3 Bb7 10. Bd3 Nf6 11. Ke2 Be7 12. h3 O-O 13. g4 Rac8 14. g5 Nd7
15. Kf2 Na5 16. Rhg1 Rfd8 17. Rad1 c4 18. Be2 Nc5 19. Nd2 Nd7 20. f5 Bc5 21.
fxe6 Bxe3+ 22. Kxe3 fxe6 23. Bg4 Nc5 24. Nf3 Nc6 25. h4 Kf7 26. h5 Ke7 27. Bh3
Nb4 28. Rxd8 Rxd8 29. Rg2 Bc6 30. Nd4 Be8 31. h6 g6 32. a5 b5 33. Nf3 Nc6 34.
Nh2 Nxa5 35. Ng4 Nd7 36. e5 Nc6 37. Nf6 Nxf6 38. exf6+ Kf7 39. Ne4 Rd5 40. Rd2
Bd7 41. Rxd5 exd5 42. Bxd7 d4+ 43. Kd2 Ne5 44. Bc8 a5 45. Bb7 b4 46. Bd5+ Kf8
47. Nd6 c3+ 48. bxc3 bxc3+ 49. Kc1 d3 50. Nb5 a4 51. Nxc3 a3 52. Kd2 dxc2 53.
Kxc2 Ng4 54. Kb3 Ne3 55. Kxa3 Nc2+ 56. Ka4 Ne3 57. Kb5 Nf5 58. Kc5 Ne3 59. Ne2
Ng4 60. Nf4 Ne5 61. Kd6 Nf7+ 62. Bxf7 Kxf7 63. Ke5 Kg8 64. Nxg6 Kf7 65. Nf4 Kg8
66. g6 hxg6 67. Nxg6 Kh7 68. f7 Kxh6 69. f8=Q+ Kg5 70. Qf5+ Kh6 71. Nf8 Kg7 72.
Qg6+ Kh8 73. Qh7# 1-0

[Event "13. Hogeschool Zeeland Tournament"]
[Site "Vlissingen NED"]
[Date "2009.08.04"]
[Round "5.45"]
[White "Aben, Paul"]
[Black "Haast, Anne"]
[Result "0-1"]
[WhiteElo "1846"]
[BlackElo "2158"]
[PlyCount "92"]
[EventDate "2009.08.01"]
[EventType "swiss"]
[EventRounds "9"]
[EventCountry "NED"]
[Source "lmi"]
[SourceDate "2009.08.01"]

1. e4 e5 2. Nf3 Nc6 3. Bb5 a6 4. Ba4 Nf6 5. O-O Be7 6. Re1 b5 7. Bb3 O-O 8. h3
d6 9. c3 Na5 10. Bc2 c5 11. d4 Qc7 12. Nbd2 cxd4 13. cxd4 Nc6 14. Nf1 Nxd4 15.
Nxd4 exd4 16. b3 d5 17. e5 Ne4 18. Bxe4 dxe4 19. Qxd4 Bb7 20. Bb2 Bc5 21. Qc3
Rac8 22. Rac1 Qe7 23. Qg3 Rfd8 24. Rcd1 Qe6 25. Qg5 Be7 26. Qf4 h6 27. Qe3 Rc2
28. Rxd8+ Bxd8 29. Bd4 Rxa2 30. Ng3 Bg5 31. Qc3 Bd2 32. Qc7 Qd5 33. Re2 e3 34.
f3 Qxd4 35. Qxb7 Ra1+ 36. Kh2 Qxe5 37. Qc8+ Kh7 38. Qf5+ Qxf5 39. Nxf5 Re1 40.
Rxe1 Bxe1 41. Nxe3 a5 42. Nc2 Bf2 43. g3 b4 44. Kg2 Bc5 45. Kf1 a4 46. Na1 Bd4
0-1

[Event "13. Hogeschool Zeeland Tournament"]
[Site "Vlissingen NED"]
[Date "2009.08.04"]
[Round "5.46"]
[White "Riemens, Albert"]
[Black "Kahleys, Kevin"]
[Result "1/2-1/2"]
[WhiteElo "2156"]
[BlackElo "1986"]
[PlyCount "25"]
[EventDate "2009.08.01"]
[EventType "swiss"]
[EventRounds "9"]
[EventCountry "NED"]
[Source "lmi"]
[SourceDate "2009.08.01"]

1. e4 e6 2. d4 d5 3. Nc3 Nc6 4. Nf3 Nf6 5. e5 Ne4 6. Bd3 Bb4 7. O-O Nxc3 8.
bxc3 Bxc3 9. Rb1 Nxd4 10. Nxd4 Bxd4 11. Bb5+ c6 12. Qxd4 cxb5 13. Rxb5 1/2-1/2

[Event "13. Hogeschool Zeeland Tournament"]
[Site "Vlissingen NED"]
[Date "2009.08.04"]
[Round "5.48"]
[White "Ten Hagen, Yorick"]
[Black "Camps, Jeroen"]
[Result "1/2-1/2"]
[WhiteElo "2150"]
[BlackElo "1821"]
[PlyCount "111"]
[EventDate "2009.08.01"]
[EventType "swiss"]
[EventRounds "9"]
[EventCountry "NED"]
[Source "lmi"]
[SourceDate "2009.08.01"]

1. d4 d5 2. c4 dxc4 3. e3 e5 4. Bxc4 exd4 5. Nf3 Bb4+ 6. Bd2 Bxd2+ 7. Qxd2 Nc6
8. Nxd4 Nxd4 9. Qxd4 Qxd4 10. exd4 Bf5 11. Nc3 Nh6 12. O-O-O O-O-O 13. f3 Rhe8
14. g4 Bg6 15. Nd5 f5 16. Nf4 Bf7 17. Bxf7 Nxf7 18. Rhg1 fxg4 19. Rxg4 g6 20.
h4 Nh6 21. Rg5 Nf5 22. h5 Nxd4 23. hxg6 hxg6 24. Rxg6 Nxf3 25. Rxd8+ Rxd8 26.
Rg7 Rd7 27. Rg8+ Rd8 28. Rg7 Nd4 29. Re7 b6 30. Ne6 Nxe6 31. Rxe6 Rd6 32. Re2
Kd7 33. a3 c5 34. Kc2 Kc6 35. Kb3 b5 36. Rh2 a5 37. Rg2 a4+ 38. Kc2 Kd5 39. Rh2
Kc4 40. Rg2 Rd4 41. Rh2 Rg4 42. Rf2 b4 43. axb4 Kxb4 44. Kb1 a3 45. bxa3+ Kxa3
46. Rf3+ Kb4 47. Kc1 Rc4+ 48. Kb2 Rg4 49. Kc1 Rg2 50. Rh3 c4 51. Rf3 Rg4 52.
Rh3 Rd4 53. Rg3 Rd3 54. Rxd3 cxd3 55. Kd2 Kc4 56. Kd1 1/2-1/2

[Event "13. Hogeschool Zeeland Tournament"]
[Site "Vlissingen NED"]
[Date "2009.08.04"]
[Round "5.49"]
[White "Maas, Joop"]
[Black "De Wolf, Johan"]
[Result "1/2-1/2"]
[WhiteElo "1800"]
[BlackElo "2147"]
[PlyCount "96"]
[EventDate "2009.08.01"]
[EventType "swiss"]
[EventRounds "9"]
[EventCountry "NED"]
[Source "lmi"]
[SourceDate "2009.08.01"]

1. d4 Nf6 2. Nf3 d5 3. Bg5 Ne4 4. Bf4 c6 5. e3 Qb6 6. Qc1 h6 7. c3 Bf5 8. Nbd2
Nxd2 9. Qxd2 Nd7 10. Be2 e6 11. O-O Be7 12. b3 O-O 13. Bd3 Bxd3 14. Qxd3 c5 15.
c4 Nf6 16. h3 Rac8 17. Rfc1 cxd4 18. exd4 dxc4 19. bxc4 Qa6 20. a4 Nd5 21. Bd2
Nb6 22. Ne5 f6 23. c5 fxe5 24. Qxa6 bxa6 25. cxb6 axb6 26. dxe5 Bc5 27. Be3
Bxe3 28. fxe3 b5 29. axb5 Rxc1+ 30. Rxc1 axb5 31. Rb1 Rb8 32. Rb4 Kf7 33. Kf2
Ke7 34. Ke2 Kd7 35. Rd4+ Ke7 36. Rb4 Kf7 37. g4 Kg6 38. Kf3 h5 39. h4 hxg4+ 40.
Kxg4 Rb6 41. h5+ Kh6 42. Kh4 g6 43. hxg6 Kxg6 44. Kg4 Rb7 45. Kf4 Kh5 46. e4
Rb8 47. Kg3 Kg6 48. Kf4 Kh5 1/2-1/2

[Event "13. Hogeschool Zeeland Tournament"]
[Site "Vlissingen NED"]
[Date "2009.08.04"]
[Round "5.50"]
[White "Go, Benjamin"]
[Black "Albrecht, Alex"]
[Result "1/2-1/2"]
[WhiteElo "2162"]
[BlackElo "1975"]
[PlyCount "50"]
[EventDate "2009.08.01"]
[EventType "swiss"]
[EventRounds "9"]
[EventCountry "NED"]
[Source "lmi"]
[SourceDate "2009.08.01"]

1. e4 e6 2. d4 d5 3. Be3 dxe4 4. Nd2 Nf6 5. f3 Nd5 6. Qe2 Nc6 7. c3 exf3 8.
Ngxf3 Bd6 9. c4 Nxe3 10. Qxe3 O-O 11. O-O-O Re8 12. Ne4 Ne7 13. Bd3 Ng6 14. Kb1
Bf4 15. Qf2 f5 16. Nc3 Qf6 17. g3 Bd6 18. h4 c6 19. h5 Nh8 20. Rde1 Nf7 21. Nh4
Nh6 22. Rhf1 Rf8 23. Nf3 Ng4 24. Qg1 Bd7 25. Bc2 Rae8 1/2-1/2

[Event "13. Hogeschool Zeeland Tournament"]
[Site "Vlissingen NED"]
[Date "2009.08.05"]
[Round "6.2"]
[White "Bosboom, Manuel"]
[Black "Hoffmann, Michael"]
[Result "1/2-1/2"]
[WhiteElo "2444"]
[BlackElo "2502"]
[PlyCount "31"]
[EventDate "2009.08.01"]
[EventType "swiss"]
[EventRounds "9"]
[EventCountry "NED"]
[Source "lmi"]
[SourceDate "2009.08.01"]

1. c4 g6 2. Nc3 Bg7 3. Nf3 c5 4. g3 Nc6 5. Bg2 e6 6. O-O Nge7 7. d3 O-O 8. Rb1
d5 9. cxd5 exd5 10. Bg5 h6 11. Bxe7 Nxe7 12. Qa4 b6 13. Rfc1 Bd7 14. Qa6 Bc8
15. Qa4 Bd7 16. Qa6 1/2-1/2

[Event "13. Hogeschool Zeeland Tournament"]
[Site "Vlissingen NED"]
[Date "2009.08.05"]
[Round "6.4"]
[White "Ikonnikov, Vyacheslav"]
[Black "Kohlweyer, Bernd"]
[Result "1-0"]
[WhiteElo "2556"]
[BlackElo "2418"]
[PlyCount "139"]
[EventDate "2009.08.01"]
[EventType "swiss"]
[EventRounds "9"]
[EventCountry "NED"]
[Source "lmi"]
[SourceDate "2009.08.01"]

1. Nf3 d5 2. d4 Nf6 3. c4 e6 4. Nc3 dxc4 5. e4 Bb4 6. e5 Nd5 7. Bd2 Nb6 8. Be2
Bd7 9. O-O Bc6 10. Qc2 Bxc3 11. bxc3 Qd5 12. Rfe1 h6 13. Be3 Na4 14. Bf1 Nd7
15. Nd2 b5 16. f3 O-O-O 17. Bf2 Ndb6 18. Ne4 Qd7 19. Bh4 Rde8 20. Red1 Bd5 21.
Rab1 Qc6 22. Re1 Rhf8 23. Rbc1 Nd7 24. Qd2 f5 25. exf6 gxf6 26. Qxh6 Rh8 27.
Qf4 e5 28. dxe5 fxe5 29. Qg4 Reg8 30. Bg5 Bxe4 31. Rxe4 Kb7 32. Qg3 Qc5+ 33.
Kh1 Qa3 34. Rc2 Nxc3 35. Re3 Qc5 36. Rexc3 Nb6 37. Rd2 b4 38. Rc1 c3 39. Rdd1
e4 40. f4 Nd5 41. Re1 Re8 42. f5 Rhf8 43. Qg4 e3 44. Bc4 a5 45. h4 c6 46. Bb3
Re5 47. Bc2 Qb5 48. Bf4 Ree8 49. Bxe3 Nxe3 50. Rxe3 Rxe3 51. Qg7+ Kb6 52. Qxf8
Qe5 53. Qd8+ Kb7 54. Rf1 Re2 55. Qd3 Re3 56. Qd7+ Kb6 57. Ba4 Qe4 58. f6 Re1
59. Qd8+ Kb7 60. Bxc6+ Kxc6 61. Qa8+ Kc5 62. Qxe4 Rxe4 63. f7 Rxh4+ 64. Kg1 Rh8
65. g4 a4 66. g5 b3 67. axb3 axb3 68. g6 b2 69. g7 c2 70. f8=Q+ 1-0

[Event "13. Hogeschool Zeeland Tournament"]
[Site "Vlissingen NED"]
[Date "2009.08.05"]
[Round "6.5"]
[White "Khairullin, Ildar"]
[Black "Van Haastert, Edwin"]
[Result "1-0"]
[WhiteElo "2602"]
[BlackElo "2411"]
[PlyCount "63"]
[EventDate "2009.08.01"]
[EventType "swiss"]
[EventRounds "9"]
[EventCountry "NED"]
[Source "lmi"]
[SourceDate "2009.08.01"]

1. d4 d5 2. c4 c6 3. e3 Bf5 4. Qb3 Qc7 5. cxd5 cxd5 6. Nc3 e6 7. Bd2 Nc6 8. Rc1
Nf6 9. Nf3 Nd7 10. Nh4 Bg6 11. Nxg6 hxg6 12. g3 Be7 13. Bd3 Rc8 14. Ne2 Nf6 15.
f3 Qd7 16. Kf2 a6 17. h4 Bd6 18. g4 Bb8 19. Qa4 Ng8 20. b4 Nge7 21. b5 Na7 22.
Rxc8+ Nexc8 23. Nc3 Nb6 24. Qb4 Qc7 25. f4 axb5 26. Nxb5 Nxb5 27. Qxb5+ Nd7 28.
g5 b6 29. Rc1 Qb7 30. Qa4 O-O 31. Ba6 Qa7 32. Bb5 1-0

[Event "13. Hogeschool Zeeland Tournament"]
[Site "Vlissingen NED"]
[Date "2009.08.05"]
[Round "6.6"]
[White "Bitalzadeh, Ali"]
[Black "Vovk, Yuri"]
[Result "0-1"]
[WhiteElo "2434"]
[BlackElo "2567"]
[PlyCount "74"]
[EventDate "2009.08.01"]
[EventType "swiss"]
[EventRounds "9"]
[EventCountry "NED"]
[Source "lmi"]
[SourceDate "2009.08.01"]

1. c4 Nf6 2. Nc3 e5 3. Nf3 Nc6 4. g3 d5 5. cxd5 Nxd5 6. d3 Be7 7. Bg2 Nb6 8.
O-O O-O 9. Be3 Bg4 10. Rc1 Kh8 11. Na4 Nd5 12. Bc5 b6 13. Bxe7 Ndxe7 14. b4 a6
15. a3 Qd6 16. Nb2 Rad8 17. Nc4 Qf6 18. Ncd2 Qh6 19. Qc2 f5 20. Rfe1 Rd6 21.
Qb2 Re6 22. Nf1 f4 23. Rc4 Bxf3 24. Bxf3 Nd4 25. Rxc7 fxg3 26. fxg3 Ref6 27.
Bg2 Rf2 28. Rxe7 Qf6 29. Rc7 Rxg2+ 30. Kxg2 Qf2+ 31. Kh3 Qxe1 32. Ne3 Qf2 33.
Qc1 Nxe2 34. Qf1 Ng1+ 35. Kg4 h5+ 36. Kxh5 Qxh2+ 37. Kg6 Qh6# 0-1

[Event "13. Hogeschool Zeeland Tournament"]
[Site "Vlissingen NED"]
[Date "2009.08.05"]
[Round "6.9"]
[White "Vovk, Andrey"]
[Black "Rubio Mejia, Luis Ignatio"]
[Result "1/2-1/2"]
[WhiteElo "2506"]
[BlackElo "2371"]
[PlyCount "32"]
[EventDate "2009.08.01"]
[EventType "swiss"]
[EventRounds "9"]
[EventCountry "NED"]
[Source "lmi"]
[SourceDate "2009.08.01"]

1. e4 c5 2. Nf3 d6 3. d4 cxd4 4. Nxd4 Nf6 5. Nc3 a6 6. Be3 e5 7. Nb3 Be6 8. f4
exf4 9. Bxf4 Nc6 10. Qd2 d5 11. O-O-O Nxe4 12. Nxe4 dxe4 13. Qe3 Qf6 14. Nd2
Bc5 15. Qxe4 Rd8 16. Be3 Bxe3 1/2-1/2

[Event "13. Hogeschool Zeeland Tournament"]
[Site "Vlissingen NED"]
[Date "2009.08.05"]
[Round "6.10"]
[White "Van Eijk, Sander"]
[Black "Karthikeyan, P."]
[Result "1/2-1/2"]
[WhiteElo "2338"]
[BlackElo "2478"]
[PlyCount "41"]
[EventDate "2009.08.01"]
[EventType "swiss"]
[EventRounds "9"]
[EventCountry "NED"]
[Source "lmi"]
[SourceDate "2009.08.01"]

1. e4 e5 2. Bc4 Nf6 3. d3 c6 4. Nf3 d5 5. Bb3 Bd6 6. exd5 Nxd5 7. O-O O-O 8.
Re1 Bg4 9. h3 Bh5 10. g4 Bg6 11. Nxe5 Bxe5 12. Rxe5 Nd7 13. Re1 Qh4 14. Bxd5
cxd5 15. Qf3 Rae8 16. Bd2 h5 17. Nc3 d4 18. Nb5 Ne5 19. Qd5 Qxh3 20. Rxe5 Qxg4+
21. Kf1 1/2-1/2